| 000 | 01346nam a22002897a 4500 | ||
|---|---|---|---|
| 005 | 20090316110612.0 | ||
| 008 | 090316t xxu||||| |||| 00| 0 hin d | ||
| 010 | _aHIN-91006 | ||
| 020 |
_c100.00 _a9788191058062 |
||
| 035 | _aHN-63352 | ||
| 037 | _bDBAD / PUB | ||
| 040 |
_aDPL _bHN |
||
| 082 | _aक | ||
| 100 |
_924114 _aझा, कृपाकान्त 'मठपति' |
||
| 245 |
_aबिहारः के अमर शहीदों की कहानियाँ / _cकृपाकान्त झा 'मठपति' |
||
| 246 |
_aBihar: ke amar Shahidon ki Kahaniyan _bby Kripakant Jha ' Mathpati ' |
||
| 260 |
_aनई दिल्ली _bस्कूल टाईम्स _c2010 |
||
| 270 |
_a6/36, प्रथम तल, विक्रम विहार लाजपत नगर-iv, _bनई दिल्ली _e110024 _k9711237360 |
||
| 300 |
_a112पृ. _c18सेमी (सजिल्द) |
||
| 490 |
_aअमर शहीद ग्रंथमाला _924394 |
||
| 650 |
_91169 _aलधु कथाएँ, हिन्दी |
||
| 700 | _924212 | ||
| 700 | _924373 | ||
| 700 | _924219 | ||
| 942 |
_2ddc _cHN _mझाकृपा _hक |
||
| 999 |
_c48643 _d48643 |
||